000 00314nam a22001217a 4500
003 OSt
005 20260225145610.0
008 260225b |||||||| |||| 00| 0 eng d
040 _cCatholic University
082 _a297.27 SUL
245 _aULIMWENGU: KILA CHEMBE NI KITABU KAMILI CHA ISHARA ZA ALLAH
942 _2ddc
_cBK
999 _c4178
_d4178